| 000 | 01872cam a2200385 i 4500 | ||
|---|---|---|---|
| 001 | 2162 | ||
| 005 | 20231108083557.0 | ||
| 020 | _a9780763658557 | ||
| 020 | _a0763658553 | ||
| 020 | _a9780545847216 | ||
| 040 |
_aFOLLT _beng _cFOLLT _erda _dFOLLT _dJQM _dOCLCA _dYDXCP _dBDX _dBTCTA _dXY4 _dOCLCO _dZAC _dVP@ _dMUS _dGZI _dUBY _dCZL _dOCLCO _dDLC |
||
| 050 | 0 | 0 |
_aTK140.T4 _bR87 2013 |
| 082 | _a621.3 | ||
| 100 | 1 |
_aRusch, Elizabeth _eauthor |
|
| 245 | 1 | 0 |
_aElectrical wizard : _bhow Nikola Tesla lit up the world / _cElizabeth Rusch ; illustrated by Oliver Dominguez. |
| 246 | 3 | 0 | _aHow Nikola Tesla lit up the world |
| 250 | _aFirst edition | ||
| 260 |
_aNew York : _bScholastic, _c2013 |
||
| 300 |
_a39 unnumbered pages : _bcolor illustrations ; _c30 cm |
||
| 505 | _aO | ||
| 520 | _aHere is the story of the ambitious young man who brought life-changing ideas to America, despite the obstructive efforts of his hero-turned-rival, Thomas Edison. From using alternating current, to lighting up the Chicago World's Fair, to harnessing Niagara to electrify New York City and beyond, Nikola Tesla was a revolutionary ahead of his time. Remote controls, fluorescent lights, X-rays, speedometers, cell phones, even the radio -- all resulted from Nikola Tesla's inventions. | ||
| 521 |
_a840 _bLexile |
||
| 521 |
_aO _bRaz-Plus |
||
| 650 | 0 |
_aElectrical engineers _zUnited States _vBiography _vJuvenile literature. |
|
| 650 | 0 |
_aInventors _zUnited States _vBiography _vJuvenile literature. |
|
| 650 | 0 |
_aSerbian Americans _vBiography _vJuvenile literature. |
|
| 650 | 1 | _aElectrical engineers. | |
| 650 | 1 | _aInventors. | |
| 650 | 1 |
_aSerbian-Americans _vBiography. |
|
| 655 | 0 | _aPicture books for children. | |
| 655 | 7 |
_aPicture books for children. _2lcsh |
|
| 700 | 1 |
_aDominguez, Oliver _eillustrator |
|
| 906 |
_a7 _bcbc _cpccadap _d2 _eepcn _f20 _gy-gencatlg |
||
| 942 |
_2ddc _cBK _n0 |
||
| 999 |
_c2162 _d2162 |
||